000 00446nam a2200181Ia 4500
003 STCL
008 221019s9999 xx 000 0 und d
020 _a9789384294717
040 _aSTCL
_cSTCL
_bEN
082 _222
100 _aBanerjee, Sankar Prasad
245 0 _aAdvanced inorganic chemistry: Volume 2
260 _bBooks and Allied
_aKolkata
_c2017
300 _aiv, 465 p
365 _b345
546 _aEnglish
942 _cBK
_2DDC
_e22
999 _c87501
_d87501